=LDR 00000nam 2200000 4500 =001 INLIS000000000048082 =005 20200504014217 =035 ##$$a 0010-041600000000063 =008 200504################g##########0#ind## =082 ##$$a 2x0 =090 ##$$a 2x0 Mas m =100 1#$$a Masyhur, Drs. H. Kahar =245 1#$$a Membina Islam dan Iman /$c Drs. H. Kahar Masyhur =260 ##$$a Jakarta :$b Kalam Mulia,$c 1988 =300 ##$$a xiii, 643 hlm : $b Ilus ; $c 14 x 20 cm =084 ##$$a 2x0 MAS m =250 ##$$a cet.1 =990 ##$$a 0001/BPAP-NTB/2016